| 000 | 00000nam 2200000zi 4500 |
| 001 | 9.946620 |
| 003 | CaOODSP |
| 005 | 20250109074816 |
| 006 | m o d f |
| 007 | cr mn||||||||| |
| 008 | 250108s1970 onc o f000 0 fre d |
| 040 | |aCaOODSP|bfre|erda|cCaOODSP |
| 041 | 0 |aeng|afre |
| 043 | |an-cn--- |
| 086 | 1 |aC2-673/1970-PDF |
| 245 | 00|aAutomotive Adjustment Assistance Program, AAA = |bProgramme d'aide à la réadaptation de l'industrie de l'automobile, AAA. |
| 246 | 11|aProgramme d'aide à la réadaptation de l'industrie de l'automobile, AAA |
| 246 | 16|aAutomotive Adjustment Assistance Program (AAA) = |bProgramme d'aide à la réadaptation de l'industrie de l'automobile (AAA) |
| 264 | 1|aOttawa, Canada : |bDepartment of Industry, Trade and Commerce = Ministère de l'industrie et du commerce, |c1970. |
| 300 | |a1 ressource en ligne (4 pages) |
| 336 | |atexte|btxt|2rdacontent/fre |
| 337 | |ainformatique|bc|2rdamedia/fre |
| 338 | |aressource en ligne|bcr|2rdacarrier/fre |
| 500 | |aTitre de la couverture. |
| 500 | |aÉdition numérisée de l'imprimé [par Innovation, sciences et développement économique Canada]. |
| 546 | |aTexte en anglais et en français. |
| 650 | 6|aAutomobiles|xÉquipement|xIndustrie|zCanada|xFinances. |
| 650 | 6|aAutomobiles|xÉquipement|xIndustrie|xPolitique gouvernementale|zCanada. |
| 650 | 6|aAide à l'ajustement de la commercialisation|zCanada. |
| 710 | 1 |aCanada. |bMinistère de l'industrie et du commerce, |eorganisme de publication. |
| 788 | |tAutomotive Adjustment Assistance Program, AAA = |eeng|w(CaOODSP)9.934139 |
| 856 | 40|qPDF|s490 Ko|uhttps://publications.gc.ca/collections/collection_2025/isde-ised/c2/C2-673-1970.pdf |